000 00533nam a2200157 4500
008 161013b xxu||||| |||| 00| 0 eng d
022 _a0893-8989
082 _aDPer 363.205 P75 Aug 2014- Apr 2015 v. 38-39
100 _916159
_aGriffith, David
245 _aPortable crime scene management/
_cDavid Griffith.
260 _aCalifornia:
_bBobit Business Media,
_cc2014-2015.
300 _av39 n2, page 32;
_c28 cm.
500 _aPolice: The Law Enforcement Magazine.
650 0 _916160
_aCrime
_xManagement
942 _2ddc
_cPER
999 _c5202
_d5202